Open Data Biblioteca Nacional de Portugal


República Portuguesa: Ministério da Cultura
Biblioteca Nacional de Portugal

Catálogo da BNP: acesso por Identificadores Unívocos
Registos Bibliográficos associados ao registo de autoridade

Etiqueta de registo: 00254nam 2200025 450
001 2286746
003 http://id.bnportugal.gov.pt/bib/catbnp/2286746
100 ## $a20260522d1735 m y0pory01030103ba
101 0# $afre
102 ## $aNL
105 ## $aa z 000yy
106 ## $ar
200 1# $a Les Prouinciales, ou Lettres ecrites par Louis de Montalte a un prouincial de ses amis, Et aux RR. PP. Jesuites sur la Morale & la Politique de ces Peres$fauec les notes de Guillaume Wendrock, traduites en François$hTome premier [-troisieme]
205 ## $aNouuelle edition, Revue, corrigé & augmentée
210 #9 $aA Amsterdam$cchez J. Fr. Bernard,$d1735
215 ## $a3 v.$cil.$d12º (15 cm)
303 ## $aMenção de ed. antecede a indicação dos tomos
304 ## $aLouis de Montalte é pseud. de Blaise Pascal
304 ## $aGuillaume Wendrock é pseud. de Pierre Nicole
307 ## $aNo anterrosto do tomo 1, grav. alegórica; no anterrosto do tomo 2, retrato de Pascal; no anterrosto do tomo 3, retrato de Nicole
314 ## $aSegundo a bibliogr., a tradução é de Françoise-Marguerite Joncoux e de Jean Louail
317 ## $aPert. na f. de rosto de cada tomo: "Da Livraria de S. Frco. de Xabregas" (carimbo)$5PTBN: R. 1881-1883 P.
321 ## $aBnF FRBNF31062578 ; FRBNF31062584
327 11 $aT. 1. - [16], 404 p. - Assin.: *-**//4, A-Z//8, Aa-Bb//8, C//2 ; T. 2. - [12], 376 p. - Assin.: [ ]//2, *//4, A-Z//8, Aa//4 ; T. 3. - [10], 372 p. - Assin.: [ ]//2, *//3, A-Z//8, Aa//2
518 1# $a Les Provinciales, ou Lettres écrites par Louis de Montalte a un provincial de ses amis
620 ## $dAmsterdam
700 #0 $aPascal,$f1623-1662$356221
702 #1 $aNicole,$bPierre,$f1625-1695$4340$3646264
702 #1 $aJoncoux,$bFrançoise-Marguerite,$f1668-1715$4730$31999108
702 #1 $aLouail,$bJean,$f1668-1724$4730$31999110
712 02 $aOrdem dos Frades Menores.$bConvento de São Francisco de Xabregas$c(Lisboa)$4390$3470918
801 #0 $aPT$bBN$gRPC
856 40 $2Cópia digital do tomo 1 disponível em Google Books$uhttps://books.google.pt/books?id=Y3c4zf_P8vMC&hl=pt-PT&pg=PP7#v=onepage&q&f=false
856 40 $2Cópia digital do tomo 2 disponível em Google Books$uhttps://books.google.co.id/books?id=DzMTe4MWiCQC&hl=pt-PT&pg=PP11#v=onepage&q&f=false
856 40 $2Cópia digital do tomo 3 disponível em Google Books$uhttps://books.google.pt/books?id=_e8E_g5A4SoC&hl=pt-PT&pg=PP7#v=onepage&q&f=false
966 ## $dT. 1$lBN$mFGMON$sR. 1881 P.
966 ## $dT. 2$lBN$mFGMON$sR. 1882 P.
966 ## $dT. 3$lBN$mFGMON$sR. 1883 P.
971 ## $cpmesqui$d20260522
997 ## $aBIBEOD

OpendataBNP@bnportugal.pt | Mais informação sobre acesso aos dados BNP